[Event "CAT-chT Honor Division 2019"]
[Site "Catalonia"]
[Date "2019.03.23"]
[Round "9"]
[White "Grafl, Florian"]
[Black "Lorenzo De La Riva, Lazaro"]
[Result "*"]
[WhiteElo "2340"]
[BlackElo "2397"]
[Annotator "TA"]
[PlyCount "27"]
[EventDate "2019.01.16"]
[EventType "team-tourn"]
[EventCountry "ESP"]
[SourceTitle "playchess.com"]
[Source "ChessBase"]
[SourceQuality "1"]
[WhiteTeam "BCN"]
[BlackTeam "Colon Sabadell"]

{[%evp 8,8,0]} 1. f4 d5 2. Nf3 g6 3. g3 Bg7 4. Bg2 c6 {Predecessor:} 5. d3 $146 Nh6 6. c3 O-O 7. O-O Qb6+ 8. Kh1 Ng4 9. Qe1 Ne3 10. Bxe3 Qxe3 11. d4 Qe6 12. Nbd2 Nd7 13. e4 dxe4 14. Nxe4 {½-½ (73) Vachier Lagrave,M (2793)-Borisek,J (2576) chess.com INT 2018} *

[Event "CAT-chT Honor Division 2019"]
[Site "Catalonia"]
[Date "2019.03.23"]
[Round "9"]
[White "Bofill Mas, Alejandro"]
[Black "Hernando Rodrigo, Julio Antonio"]
[Result "1-0"]
[WhiteElo "2324"]
[BlackElo "2308"]
[Annotator "NA"]
[PlyCount "89"]
[EventDate "2019.01.16"]
[EventType "team-tourn"]
[EventCountry "ESP"]
[SourceTitle "playchess.com"]
[Source "ChessBase"]
[SourceQuality "1"]
[WhiteTeam "Colon Sabadell"]
[BlackTeam "BCN"]
[TimeControl "5400+30"]

1. c4 c5 2. g3 Nc6 3. Bg2 g6 4. Nc3 Bg7 5. Nf3 e5 6. O-O Nge7 7. a3 O-O 8. Rb1 a5 9. Ne1 d6 10. Nc2 Be6 11. Ne3 Rb8 12. d3 {A37: Symmetrical English vs ...g6: 4 Bg2 Bg7 5 Nf3} Qd7 (12... Nd4 13. Ned5 Nxd5 14. cxd5 Bd7 15. a4 b5 16. e3 b4 17. Ne4 Nf5 18. b3 Bc8 19. Nd2 Ba6 20. Qc2 Nh6 21. Bb2 f5 {½-½ (44) Howell,D (2639)-Jones,G (2643) Torquay 2013}) 13. Ned5 Bh3 14. Bxh3 Qxh3 15. b4 Nxd5 16. Nxd5 axb4 17. axb4 cxb4 18. Nxb4 f5 $146 19. Nxc6 bxc6 20. Rxb8 Rxb8 21. Qa4 Rc8 22. Ba3 Bf8 23. Rb1 f4 24. Rb7 Qf5 25. Qa7 g5 26. f3 h5 27. gxf4 Qxf4 28. Rd7 Qf6 29. Qb7 Rd8 30. Rxd8 Qxd8 31. Qxc6 Kg7 32. Kg2 g4 33. Qb7+ Be7 34. fxg4 hxg4 35. c5 Kf6 36. cxd6 Bf8 37. Bb4 Ke6 38. Qc6 Kf5 39. Qe4+ Kf6 40. Qxg4 Qb6 41. Qf3+ (41. d7 $142 Bxb4 42. Qh4+ Kf7 43. d8=Q Qxd8 44. Qxd8 Be7 45. Qc7 Kf8 46. Qxe5) 41... Kg7 42. Qg3+ Kf7 43. Qf2+ Qxf2+ 44. Kxf2 Bh6 45. d7 1-0

[Event "CAT-chT Honor Division 2019"]
[Site "Catalonia"]
[Date "2019.03.23"]
[Round "9"]
[White "Vehi Bach, Victor Manuel"]
[Black "Perpinya Rofes, Lluis Maria"]
[Result "1-0"]
[WhiteElo "2306"]
[BlackElo "2317"]
[Annotator "NA"]
[PlyCount "70"]
[EventDate "2019.01.16"]
[EventType "team-tourn"]
[EventCountry "ESP"]
[SourceTitle "playchess.com"]
[Source "ChessBase"]
[SourceQuality "1"]
[WhiteTeam "BCN"]
[BlackTeam "Colon Sabadell"]
[TimeControl "5400+30"]

1. e4 c5 2. Nf3 Nc6 3. d4 cxd4 4. Nxd4 Nf6 5. Nc3 d6 6. Bg5 e6 7. Qd2 a6 8. O-O-O h6 9. Nxc6 bxc6 10. Bf4 d5 11. Qe3 Bb4 12. a3 {B66: Sicilian: Richter-Rauzer: 7...a6 8 0-0-0 h6} Ba5 13. exd5 cxd5 14. Be2 O-O 15. Qg3 Kh8 16. Be5 Bd7 17. h4 {[#]} Ra7 $146 ({Predecessor:} 17... Ne8 18. f4 f6 19. Bd4 Nd6 {1-0 (31) Ponomariov,R (2697)-Golubka,P (2503) Batumi 2018}) 18. Qf4 Bc7 19. Bxc7 Rxc7 20. Bxa6 Rxc3 21. bxc3 Ne4 22. Bd3 Nxc3 23. Rde1 Qa5 24. Kb2 d4 25. Qd6 Rd8 26. Re5 $1 Qa7 27. Kc1 Rb8 28. Kd2 Nd5 {[#]} 29. Rb1 $1 {Back Rank} Re8 30. Ke1 f6 31. Rxd5 exd5+ 32. Kf1 Be6 33. Re1 Qf7 34. Bb5 Re7 35. Bc6 Qg6 $18 1-0

[Event "CAT-chT Honor Division 2019"]
[Site "Catalonia"]
[Date "2019.03.23"]
[Round "9"]
[White "Perez Manas, Benjamin"]
[Black "Hapala, Elisabeth"]
[Result "1-0"]
[WhiteElo "2303"]
[BlackElo "2136"]
[Annotator "TA"]
[PlyCount "131"]
[EventDate "2019.01.16"]
[EventType "team-tourn"]
[EventCountry "ESP"]
[SourceTitle "playchess.com"]
[Source "ChessBase"]
[SourceQuality "1"]
[WhiteTeam "Barbera"]
[BlackTeam "Sant Josep Badalona"]

{[%evp 27,131,37,37,23,45,47,52,52,91,56,60,38,59,39,39,-10,0,0,0,-16,0,-20,0,0,0,0,0,0,0,0,0,0,9,12,18,0,31,0,0,0,7,7,7,7,7,7,7,7,7,7,39,34,37,7,42,8,21,8,8,8,8,8,8,0,0,-7,8,8,166,171,211,214,185,201,195,109,440,422,532,491,461,197,213,149,149,149,163,163,164,20,8514,7118,7118,7118,5097,2164,1308,1137,769,769,29982,29983,29987,29988,29988,29977]} 1. e4 c5 2. Nf3 e6 3. d4 cxd4 4. Nxd4 Nc6 5. Nc3 Qc7 6. Be3 a6 7. Be2 Nf6 8. O-O Bb4 9. Na4 Be7 10. Nxc6 bxc6 11. Nb6 Rb8 12. Nxc8 Qxc8 13. Bd4 c5 14. Be5 Rb6 15. b3 {B49: Sicilian: Taimanov: 5 Nc3 Qc7 6 Be3 a6 7 Be2} (15. Bf3 d6 16. Bc3 O-O 17. a4 Nd7 18. a5 Rb8 19. Be2 Rd8 20. Qd3 Ra8 21. Rfd1 Bf8 22. f4 Nb8 {1-0 (61) Almasi,Z (2699)-Mihok,O (2550) Ajka 2018}) 15... Nxe4 16. Bxg7 Rg8 17. Be5 {White is slightly better.} Bf6 18. Bxf6 Nxf6 19. Re1 Ke7 20. Qd2 $146 ({Predecessor:} 20. Bf3 Rg6 21. Qd2 Qc7 22. h3 Rd6 {½-½ (51) Erneste,I (2178)-Hapala,E (2021) Baku 2016}) 20... Rd6 21. Bd3 Qc6 {[%csl Gg8][%cal Rc6g2] [#]} 22. g3 h5 23. Qe3 Rd4 24. Bf1 Ng4 25. Qe2 h4 26. c3 hxg3 27. hxg3 Rd6 $1 (27... Rh8 $2 28. Bg2 $18) 28. Rad1 Rxd1 (28... Rh8 $2 29. Bg2 $18) 29. Rxd1 Nf6 (29... Rh8 $2 30. Bg2 $18) 30. Bg2 ({Reject} 30. Qxa6 Qxa6 31. Bxa6 Ra8 $17) 30... Qb6 31. Qe3 Qc7 32. Qd3 a5 33. Qc4 Qb6 34. Bf3 Rd8 35. Kg2 d5 36. Qh4 Qb8 37. Re1 Rh8 38. Qg5 Rg8 39. Qe3 Qd6 40. Qe2 Qb6 41. Qd2 Rd8 42. Qg5 Rg8 43. Qh4 Qd8 44. Re5 Rh8 45. Qf4 Qd6 46. Qe3 Rg8 47. Qe1 Qd8 $2 (47... Qc7 $11 {and Black stays safe.}) 48. c4 $18 dxc4 49. Rxc5 {[%mdl 64] Double Attack} cxb3 50. axb3 Qb6 {[#]} 51. Rxa5 ({Don't do} 51. Qxa5 $6 Qxa5 52. Rxa5 Rb8 $16) ({White should try} 51. Rc6 $1 $18 {[%cal Rc6b6]} Qd4 52. Rc7+ (52. Qxa5 Nd5 $16) 52... Kf8 53. Qxa5) 51... Qxb3 $2 {[%mdl 8192]} (51... Rd8 $16 {is a better chance.} 52. Qa1 Rd2 53. Ra7+ Nd7) 52. Ra7+ Kf8 53. Qe5 Rg6 54. Qc7 (54. Be4 $142 Kg7 55. Qc7) 54... e5 55. Qxe5 Qe6 56. Qc5+ Kg7 57. Re7 $36 {[%mdl 2048] White is in control.} Qb3 58. Be2 ({Better is} 58. Qe5 $18) 58... Qa4 $2 {[%mdl 8192]} (58... Qd5+ $11 59. Qxd5 Nxd5) 59. Bc4 Qa8+ 60. f3 Kh6 61. Qe3+ (61. Bxf7 $142 Qd8 62. Qc1+ Rg5 63. Re6) 61... Rg5 62. Re5 Nh7 63. Bxf7 Qb7 64. Bb3 {White mates.} Qb4 65. Re6+ Kg7 66. Rb6 {Accuracy: White = 48%, Black = 43%.} 1-0

[Event "CAT-chT Honor Division 2019"]
[Site "Catalonia"]
[Date "2019.03.23"]
[Round "9"]
[White "Garcia Ramos, Daniel"]
[Black "Chueca Forcen, Alberto"]
[Result "1-0"]
[WhiteElo "2282"]
[BlackElo "2270"]
[Annotator "ChessBase"]
[PlyCount "91"]
[EventDate "2019.01.16"]
[EventType "team-tourn"]
[EventCountry "ESP"]
[SourceTitle "playchess.com"]
[Source "ChessBase"]
[SourceQuality "1"]
[WhiteTeam "Colon Sabadell"]
[BlackTeam "BCN"]
[TimeControl "5400+30"]

1. e4 e5 2. Nf3 Nc6 3. Bb5 Nf6 4. d3 Bc5 5. c3 d6 6. Nbd2 O-O 7. Nf1 d5 8. Qe2 Re8 9. Bg5 a6 10. Ba4 b5 11. Bb3 dxe4 12. dxe4 h6 13. Rd1 Qe7 14. Bh4 Be6 15. Ne3 Bxe3 16. Qxe3 Bxb3 17. axb3 Ng4 18. Qe2 Qe6 19. b4 Nf6 20. O-O Nd7 21. Ne1 g5 22. Bg3 f6 23. Nc2 Nb6 24. Ne3 Ne7 25. Rd2 Red8 26. Rfd1 Rxd2 27. Rxd2 Kg7 28. f3 Nbc8 29. Rd8 Nb6 30. Rd1 Nbc8 31. Nd5 Ra7 32. Bf2 Rb7 33. Bc5 Ng6 34. Qd2 c6 35. Ne3 Nce7 36. Qd8 Qa2 37. Qa8 Rc7 38. Qb8 Rc8 39. Nf5+ Kh7 40. Qb7 Qa4 41. Re1 Rf8 42. Bxe7 Rf7 43. Qxc6 Qc2 44. Qe6 Rg7 45. Qxf6 Rxe7 46. Nxe7 1-0

[Event "CAT-chT Honor Division 2019"]
[Site "Catalonia"]
[Date "2019.03.23"]
[Round "9"]
[White "Castrillon Gomez, Melissa"]
[Black "Rizouk, Aimen"]
[Result "*"]
[WhiteElo "2231"]
[BlackElo "2441"]
[Annotator "TA"]
[PlyCount "34"]
[EventDate "2019.01.16"]
[EventType "team-tourn"]
[EventCountry "ESP"]
[SourceTitle "playchess.com"]
[Source "ChessBase"]
[SourceQuality "1"]
[WhiteTeam "Sant Josep Badalona"]
[BlackTeam "Barbera"]

{[%evp 17,21,0,4,0,0,0]} 1. e4 e5 2. Nf3 Nc6 3. Bb5 Nf6 4. O-O Nxe4 5. d4 Nd6 6. dxe5 Nxb5 7. a4 d6 8. axb5 Nxe5 9. Re1 Be7 10. Nxe5 {C67: Ruy Lopez: Berlin Defence: 4 0-0 Nxe4} dxe5 11. Qxd8+ {Predecessor:} Bxd8 $146 12. Rxe5+ Be6 13. Nc3 Bf6 14. Re1 Bxc3 15. bxc3 O-O 16. Bf4 c6 17. bxc6 bxc6 {1-0 (100) Plat,V (2532)-Zorko,J (2454) Tallinn 2016} *

[Event "CAT-chT Honor Division 2019"]
[Site "Catalonia"]
[Date "2019.03.23"]
[Round "9"]
[White "Martinez Ramirez, Erik"]
[Black "Barcelo Sola, David"]
[Result "1-0"]
[WhiteElo "2222"]
[BlackElo "1991"]
[Annotator "NA"]
[PlyCount "99"]
[EventDate "2019.01.16"]
[EventType "team-tourn"]
[EventCountry "ESP"]
[SourceTitle "playchess.com"]
[Source "ChessBase"]
[SourceQuality "1"]
[WhiteTeam "Barbera"]
[BlackTeam "Sant Josep Badalona"]
[TimeControl "5400+30"]

1. e4 {[%emt 0:00:00]} c5 {[%emt 0:00:00]} 2. Nf3 {[%emt 0:00:00]} Nc6 {[%emt 0:00:00]} 3. d4 {[%emt 0:00:00]} cxd4 {[%emt 0:00:03]} 4. Nxd4 {[%emt 0:00:00]} g6 {[%emt 0:00:11]} 5. Nc3 {[%emt 0:00:14]} Bg7 {[%emt 0:00:10]} 6. Be3 {[%emt 0:00:06]} Nf6 {[%emt 0:00:42]} 7. Bc4 {[%emt 0:00:23]} O-O {[%emt 0:00:20]} 8. Bb3 {[%emt 0:00:19]} a5 {[%emt 0:01:30]} 9. f3 {[%emt 0:03:34]} d5 {[%emt 0:01:36]} 10. Bxd5 {[%emt 0:05:24] B35: Sicilian: Accelerated Dragon with 5 Nc3: main line} (10. exd5 Nb4 11. Nde2 a4 12. Nxa4 Nfxd5 13. Bd4 Bf5 14. Bxg7 Bxc2 15. Bxc2 Ne3 16. Qxd8 Nexc2+ 17. Kf2 Rfxd8 18. Nb6 Ra6 19. Bc3 Nd3+ 20. Kg3 Nxa1 21. Rxa1 Rxb6 {0-1 (34) Drozdowski,K (2507)-Belous,V (2585) Arlington 2016}) 10... Nxd5 {[%emt 0:00:41]} 11. exd5 {[%emt 0:00:42]} Nb4 {[%emt 0:00:38]} 12. Ndb5 {[%emt 0:01:34]} Bf5 {[%emt 0:12:47]} 13. Rc1 {[%emt 0:00:15]} Rc8 {[%emt 0:10:03]} 14. a3 {[%emt 0:03:41]} Qd7 {[%emt 0:05:43]} 15. axb4 {[%emt 0:10:17]} axb4 {[%emt 0:00:17]} 16. g4 {[%emt 0:00:10]} bxc3 {[%emt 0:01:21]} 17. Nxc3 {[%emt 0:00:58]} b5 $146 {[%emt 0:16:01]} ({Predecessor:} 17... Bxc3+ 18. bxc3 Rxc3 {1-0 (31) Blaskowski,J (2332)-Reich,T (2368) Austria 2009}) 18. gxf5 {[%emt 0:03:53]} b4 {[%emt 0:00:40]} 19. fxg6 {[%emt 0:06:45]} bxc3 {[%emt 0:02:15]} 20. gxh7+ {[%emt 0:00:05]} Kxh7 {[%emt 0:00:42]} 21. bxc3 {[%emt 0:00:52]} Bxc3+ {[%emt 0:02:43]} 22. Kf2 {[%emt 0:00:34]} Qh3 {[%emt 0:03:51]} 23. Qd3+ {[%emt 0:01:50]} f5 {[%emt 0:00:34]} 24. Bf4 {[%emt 0:02:59]} e5 {[%emt 0:09:24]} 25. dxe6 {[%emt 0:09:13]} Rfd8 {[%emt 0:00:40]} 26. Bd6 {[%emt 0:02:05]} Bb4 {[%emt 0:15:29]} 27. f4 {[%emt 0:16:09]} Bc5+ {[%emt 0:05:59]} 28. Bxc5 {[%emt 0:02:14]} Rxd3 {[%emt 0:00:10]} 29. cxd3 {[%emt 0:00:05]} Qh4+ {[%emt 0:05:56]} 30. Ke3 {[%emt 0:00:25]} Qh3+ {[%emt 0:00:39]} 31. Kf2 {[%emt 0:00:07]} Qh4+ {[%emt 0:00:30]} 32. Ke3 {[%emt 0:02:49]} Qh3+ {[%emt 0:00:23]} 33. Kd4 {[%emt 0:02:29]} Rd8+ {[%emt 0:01:12]} 34. Ke5 {[%emt 0:00:01]} Qxd3 {[%emt 0:01:27]} 35. Kf6 $11 {[%emt 0:06:28]} Re8 {[%emt 0:01:24]} 36. Kf7 {[%emt 0:02:32]} Rg8 {[%emt 0:01:02]} 37. Rhg1 {[%emt 0:00:37]} Qd8 {[%emt 0:00:40]} 38. Rxg8 {[%emt 0:02:53]} Qxg8+ {[%emt 0:00:03]} 39. Kf6 {[%emt 0:00:14]} Qg6+ {[%emt 0:00:12]} 40. Ke5 {[%emt 0:00:14]} Qg2 {[%emt 0:01:03]} 41. Kxf5 {[%emt 0:04:13]} Qd5+ {[%emt 0:00:33]} 42. Kf6 {[%emt 0:00:36]} Qd2 {[%emt 0:00:17]} 43. Rc4 {[%emt 0:01:53]} Qd5 {[%emt 0:01:06]} 44. Rc3 {[%emt 0:01:36]} Qd2 {[%emt 0:00:19]} 45. Rh3+ {[%emt 0:00:41]} Kg8 {[%emt 0:00:06]} 46. Rg3+ {[%emt 0:00:09]} Kh7 {[%emt 0:00:15]} 47. f5 {[%emt 0:00:18]} Qd5 {[%emt 0:01:07]} 48. Bf8 {[%emt 0:02:19]} Qd4+ {[%emt 0:00:42]} 49. Kf7 {[%emt 0:00:26]} Qd8 {[%emt 0:00:25]} 50. Rh3+ {[%emt 0:00:08]} 1-0

[Event "CAT-chT Honor Division 2019"]
[Site "Catalonia"]
[Date "2019.03.23"]
[Round "9"]
[White "Campins Machado, Francesc"]
[Black "Hernandez, Cristian Andres"]
[Result "0-1"]
[WhiteElo "2109"]
[BlackElo "2320"]
[Annotator "ChessBase"]
[PlyCount "100"]
[EventDate "2019.01.16"]
[EventType "team-tourn"]
[EventCountry "ESP"]
[SourceTitle "playchess.com"]
[Source "ChessBase"]
[SourceQuality "1"]
[WhiteTeam "Sant Josep Badalona"]
[BlackTeam "Barbera"]
[TimeControl "5400+30"]

1. Nf3 {[%emt 0:00:00]} d5 {[%emt 0:00:14]} 2. c4 {[%emt 0:00:00]} e6 {[%emt 0:00:47]} 3. g3 {[%emt 0:00:23]} dxc4 {[%emt 0:00:29]} 4. Qa4+ {[%emt 0:00:32]} Bd7 {[%emt 0:00:12]} 5. Qxc4 {[%emt 0:00:39]} c5 {[%emt 0:00:04]} 6. Ne5 {[%emt 0:05:21]} Nc6 {[%emt 0:00:03]} 7. Nxd7 {[%emt 0:00:51]} Qxd7 {[%emt 0:00:05]} 8. Bg2 {[%emt 0:00:15]} Nf6 {[%emt 0:00:06]} 9. O-O {[%emt 0:02:17]} Be7 {[%emt 0:00:06]} 10. b3 {[%emt 0:03:10]} O-O {[%emt 0:01:32]} 11. Bb2 {[%emt 0:00:49]} Rac8 {[%emt 0:02:26]} 12. d3 {[%emt 0:10:38]} Nd4 {[%emt 0:02:23]} 13. Re1 {[%emt 0:00:42]} Rfd8 {[%emt 0:02:14]} 14. Nd2 {[%emt 0:01:41]} Nd5 {[%emt 0:07:00]} 15. a3 {[%emt 0:08:38]} b5 {[%emt 0:11:26]} 16. Qc1 {[%emt 0:00:28]} a6 {[%emt 0:01:48]} 17. Qd1 {[%emt 0:08:38]} Nc6 {[%emt 0:06:17]} 18. Rc1 {[%emt 0:02:44]} Na5 {[%emt 0:06:16]} 19. Qc2 {[%emt 0:05:29]} Nb7 {[%emt 0:16:13]} 20. Qb1 {[%emt 0:02:56]} Bg5 {[%emt 0:04:50]} 21. Rc2 {[%emt 0:03:34]} Na5 {[%emt 0:00:15]} 22. Ba1 {[%emt 0:04:59]} Be7 {[%emt 0:11:25]} 23. Rec1 {[%emt 0:03:03]} Nb7 {[%emt 0:00:24]} 24. Qb2 {[%emt 0:01:46]} Bf6 {[%emt 0:01:53]} 25. Qa2 {[%emt 0:00:19]} Bxa1 {[%emt 0:03:20]} 26. Qxa1 {[%emt 0:00:27]} Rc7 {[%emt 0:03:43]} 27. d4 {[%emt 0:14:53]} Qe7 {[%emt 0:05:18]} 28. dxc5 {[%emt 0:06:07]} Rxc5 {[%emt 0:00:29]} 29. Rxc5 {[%emt 0:03:56]} Nxc5 {[%emt 0:00:04]} 30. Qd4 {[%emt 0:00:27]} Nb7 {[%emt 0:03:36]} 31. b4 {[%emt 0:04:21]} a5 {[%emt 0:07:50]} 32. Bxd5 {[%emt 0:02:26]} Rxd5 {[%emt 0:00:16]} 33. Rc8+ {[%emt 0:00:15]} Nd8 {[%emt 0:00:17]} 34. Qc3 {[%emt 0:00:20]} axb4 {[%emt 0:00:58]} 35. axb4 {[%emt 0:00:06]} h6 {[%emt 0:01:22]} 36. Nf3 {[%emt 0:00:51]} Qd6 {[%emt 0:00:32]} 37. e3 {[%emt 0:02:01]} Rd3 {[%emt 0:01:06]} 38. Qc5 {[%emt 0:00:16]} Rd1+ {[%emt 0:00:06]} 39. Kg2 {[%emt 0:00:07]} Qd3 {[%emt 0:00:19]} 40. Nd4 {[%emt 0:02:34]} Qf1+ {[%emt 0:00:40]} 41. Kf3 {[%emt 0:00:02]} Rd2 {[%emt 0:00:51]} 42. Rxd8+ {[%emt 0:00:54]} Kh7 {[%emt 0:00:04]} 43. Nxe6 {[%emt 0:00:53]} Rxf2+ {[%emt 0:00:52]} 44. Ke4 {[%emt 0:00:40]} fxe6 {[%emt 0:00:43]} 45. Rd3 {[%emt 0:00:30]} Rf5 {[%emt 0:00:37]} 46. Qc2 {[%emt 0:00:30]} Rf2 {[%emt 0:00:50]} 47. Qc8 {[%emt 0:00:23]} Qh1+ {[%emt 0:00:15]} 48. Ke5 {[%emt 0:00:34]} Rf5+ {[%emt 0:00:24]} 49. Kd4 {[%emt 0:00:34]} Rd5+ {[%emt 0:00:11]} 50. Kc3 {[%emt 0:00:16]} Qc1+ {[%emt 0:00:06]} 0-1

[Event "CAT-chT Honor Division 2019"]
[Site "Catalonia"]
[Date "2019.03.23"]
[Round "9"]
[White "Fernandez Serrano, Pau"]
[Black "Obon Temprano, Sergi"]
[Result "1/2-1/2"]
[WhiteElo "2033"]
[BlackElo "2273"]
[Annotator "ChessBase"]
[PlyCount "91"]
[EventDate "2019.01.16"]
[EventType "team-tourn"]
[EventCountry "ESP"]
[SourceTitle "playchess.com"]
[Source "ChessBase"]
[SourceQuality "1"]
[WhiteTeam "Sant Josep Badalona"]
[BlackTeam "Barbera"]
[TimeControl "5400+30"]

1. d4 {[%emt 0:02:22]} d5 {[%emt 0:01:07]} 2. Bf4 {[%emt 0:00:08]} Nf6 {[%emt 0:00:08]} 3. e3 {[%emt 0:00:09]} e6 {[%emt 0:00:12]} 4. Nf3 {[%emt 0:01:56]} Bd6 {[%emt 0:00:08]} 5. Bg3 {[%emt 0:00:09]} O-O {[%emt 0:00:28]} 6. Nbd2 {[%emt 0:03:26]} Nc6 {[%emt 0:00:29]} 7. c3 {[%emt 0:03:48]} Qe7 {[%emt 0:01:00]} 8. Ne5 {[%emt 0:00:23]} Nd7 {[%emt 0:01:24]} 9. Nxc6 {[%emt 0:12:45]} bxc6 {[%emt 0:00:09]} 10. f4 {[%emt 0:01:04]} f6 {[%emt 0:05:08]} 11. Be2 {[%emt 0:09:44]} Rb8 {[%emt 0:04:08]} 12. Rb1 {[%emt 0:01:12]} e5 {[%emt 0:01:09]} 13. O-O {[%emt 0:02:11]} c5 {[%emt 0:03:23]} 14. Nb3 {[%emt 0:13:57]} Bb7 {[%emt 0:04:46]} 15. Bg4 {[%emt 0:05:54]} Nb6 {[%emt 0:10:15]} 16. Na5 {[%emt 0:08:13]} Ba8 {[%emt 0:09:15]} 17. Qd2 {[%emt 0:05:13]} cxd4 {[%emt 0:02:50]} 18. exd4 {[%emt 0:00:03]} e4 {[%emt 0:03:21]} 19. b4 {[%emt 0:08:34]} f5 {[%emt 0:05:35]} 20. Be2 {[%emt 0:00:28]} Qe6 {[%emt 0:01:54]} 21. Bf2 {[%emt 0:03:56]} Nc4 {[%emt 0:02:58]} 22. Nxc4 {[%emt 0:00:23]} dxc4 {[%emt 0:00:06]} 23. Be3 {[%emt 0:00:05]} Bd5 {[%emt 0:00:57]} 24. a3 {[%emt 0:00:21]} Ra8 {[%emt 0:07:05]} 25. Ra1 {[%emt 0:00:57]} a5 {[%emt 0:00:48]} 26. Rfb1 {[%emt 0:02:00]} a4 {[%emt 0:06:09]} 27. Rf1 {[%emt 0:00:53]} Kf7 {[%emt 0:02:34]} 28. Rf2 {[%emt 0:04:14]} Ke7 {[%emt 0:00:29]} 29. Kf1 {[%emt 0:00:16]} Kd7 {[%emt 0:01:54]} 30. Ke1 {[%emt 0:00:09]} Kc6 {[%emt 0:00:58]} 31. Kd1 {[%emt 0:00:25]} Rae8 {[%emt 0:00:56]} 32. Kc2 {[%emt 0:01:50]} g5 {[%emt 0:01:58]} 33. g3 {[%emt 0:00:16]} gxf4 {[%emt 0:01:09]} 34. gxf4 {[%emt 0:00:01]} Rg8 {[%emt 0:00:23]} 35. Kb2 {[%emt 0:00:37]} Rg7 {[%emt 0:01:07]} 36. Raf1 {[%emt 0:00:32]} Reg8 {[%emt 0:00:43]} 37. Bd1 {[%emt 0:00:18]} Kb5 {[%emt 0:00:38]} 38. Qc2 {[%emt 0:00:01]} Ra8 {[%emt 0:00:22]} 39. Rg2 {[%emt 0:00:35]} Rxg2 {[%emt 0:04:58]} 40. Qxg2 {[%emt 0:00:02]} Qh6 {[%emt 0:00:18]} 41. Qf2 {[%emt 0:04:02]} Qh3 {[%emt 0:05:33]} 42. Rg1 {[%emt 0:00:31]} Rg8 {[%emt 0:01:43]} 43. Qc2 {[%emt 0:03:40]} Ra8 {[%emt 0:03:37]} 44. Qf2 {[%emt 0:00:25]} Rg8 {[%emt 0:01:09]} 45. Qc2 {[%emt 0:00:14]} Ra8 {[%emt 0:00:46]} 46. Qf2 {[%emt 0:00:14]} 1/2-1/2

[Event "CAT-chT Honor Division 2019"]
[Site "Catalonia"]
[Date "2019.03.30"]
[Round "11.1"]
[White "Cuartas, Jaime Alexander"]
[Black "Magem Badals, Jordi"]
[Result "1-0"]
[WhiteElo "2516"]
[BlackElo "2522"]
[Annotator "TA"]
[PlyCount "115"]
[EventDate "2019.01.16"]
[EventType "team-tourn"]
[EventCountry "ESP"]
[SourceTitle "playchess.com"]
[Source "ChessBase"]
[SourceQuality "1"]
[WhiteTeam "CE Barbera"]
[BlackTeam "Colon Sabadell Chessy"]

{[%evp 14,115,19,14,26,19,23,20,22,31,23,17,60,59,73,60,53,60,71,32,50,45,62,47,105,104,105,51,60,57,151,151,147,152,171,155,183,173,194,192,193,105,193,141,130,134,127,116,118,91,102,71,220,179,205,220,213,229,194,87,52,96,309,284,270,252,253,261,366,252,255,258,239,236,262,269,270,260,257,272,592,545,830,826,803,800,835,821,791,776,777,744,871,850,29965,29959,29980,29981,29983,29983,29989,29990,29990,29991]} 1. d4 Nf6 2. Nf3 g6 3. Bf4 Bg7 4. e3 d6 5. h3 O-O 6. Be2 c5 7. O-O Qb6 8. Nbd2 cxd4 {A48: 1 d4 Nf6 2 Nf3 g6: Torre, London and Colle Systems} (8... Be6 9. Ng5 Bf5 10. Nc4 Qc7 11. a4 cxd4 12. exd4 Nd5 13. Bg3 Nd7 14. c3 N7f6 15. Re1 h6 16. Nf3 {0-1 (88) Kovalenko,I (2657)-Kazhgaleyev,M (2587) St Petersburg 2018}) 9. Nc4 (9. Nxd4 $2 e5 $17) 9... Qc7 10. exd4 Nd5 {The position is equal.} 11. Bh2 Nc6 12. c3 h6 $146 ({Predecessor:} 12... b5 13. Ncd2 Rb8 14. Rc1 Nf6 15. Re1 Be6 16. Ng5 {½-½ (88) Reichmann,H (2337)-Pavlidis,A (2539) Katowice 2017}) 13. a4 Be6 14. Re1 Rac8 15. Bd3 Qd7 16. Ne3 Na5 17. Qe2 Rc7 18. Nd2 Rfc8 (18... Nxe3 $14 19. Qxe3 Bd5) 19. Nef1 $1 $16 Bf5 20. Bb5 ({White should try} 20. Bxf5 $1 $16 gxf5 21. Qb5 Qxb5 22. axb5) 20... Qd8 $14 21. Qf3 Be6 {[#]} (21... e6 $14) 22. Rxe6 $1 $16 fxe6 23. Qe4 $36 {[%mdl 2048] White is in control.} Nf6 24. Qxg6 a6 25. Bd3 {[%mdl 1024] White has strong compensation.} Qe8 26. Qg3 Nc6 27. Qe3 (27. Nf3 $18) 27... Nd8 (27... Qf7 $16 {might work better.}) 28. Ne4 ({Better is} 28. Qe2 $18) 28... Nd5 29. Qe2 Qf7 30. Qd2 Nc6 31. Re1 Rf8 32. Ne3 Nf4 (32... Nxe3 $16 33. Qxe3 e5) 33. Bb1 b5 34. axb5 axb5 35. Bxf4 Qxf4 36. d5 (36. Qd3 $18 {is more deadly.}) 36... exd5 37. Qxd5+ Rf7 $2 (37... Kh8 $16 {was called for.}) 38. Ba2 Ra7 39. Bb3 (39. Qxf7+ Qxf7 40. Bxf7+ Kxf7 $16) (39. Nf5 Rxa2 40. Nxg7 (40. Qxa2 Qxf5 41. Qa8+ {[%mdl 64] Double Attack} Rf8 $17) 40... Kxg7 $16) 39... Ne5 40. Ng4 (40. Qxb5 $6 e6 $18) 40... b4 (40... e6 $142 41. Qxe6 Kh7) 41. Nxe5 (41. cxb4 Nxg4 42. hxg4 (42. Qxf7+ Qxf7 43. Bxf7+ Kxf7 $11) 42... e6 $16) 41... Bxe5 42. g3 (42. Qxf7+ Qxf7 43. Bxf7+ Kxf7 $11) 42... Qf3 {[%cal Rb4c3]} 43. Bd1 (43. Qxf7+ Qxf7 44. Bxf7+ Kxf7 $14) (43. cxb4 $6 Kg7 $16) 43... Qf5 44. Bg4 Qg6 45. f4 ({Weaker is} 45. cxb4 Kh8 $14) 45... bxc3 46. bxc3 (46. fxe5 cxb2 47. Qd4 {[#]} Ra1 $1 $17 {[%mdl 512]}) 46... Bg7 $2 (46... Bf6 {is a better chance.} 47. Bh5 {[%mdl 64] Skewer} e6) 47. Be6 Bf8 48. f5 ({Not} 48. Bxf7+ Qxf7 49. Qb5 Ra3 $14) 48... Qg7 49. g4 Ra3 50. Kg2 Ra6 51. Re3 Rb6 52. Rg3 ({Less strong is} 52. Bxf7+ Qxf7 53. Qa8 Rb2+ 54. Kg3 Qa2 $16) 52... Rb2+ 53. Kf3 Rc2 54. g5 {White mates.} Rxc3+ 55. Nxc3 Qxc3+ 56. Kg4 h5+ 57. Kh4 Qb4+ 58. Kxh5 {Accuracy: White = 62%, Black = 34%.} 1-0